Ifjúsági művészegyüttes Szegeden Dzsessz, pantomim, klubhangversenyek /

Elmentve itt :
Bibliográfiai részletek
Szerző: Jakab Ágnes
Dokumentumtípus: Cikk
Megjelent: 1967-10-12
Sorozat:Délmagyarország 57 No. 241
Kulcsszavak:Joó Ete, Művészegyüttes ifjúsági Szeged 1967, amatőr színpadok
Online Access:http://dmarchiv.bibl.u-szeged.hu/62101
LEADER 00550nab a2200157 i 4500
001 delm62101
005 20180927151316.0
008 180927s1967 hu o 0|| hun d
040 |a SZTE Délmagyarország Archívum  |b hun 
041 |a hun 
100 1 |a Jakab Ágnes 
245 1 0 |a Ifjúsági művészegyüttes Szegeden   |h [elektronikus dokumentum] :  |b Dzsessz, pantomim, klubhangversenyek /  |c  Jakab Ágnes 
260 |c 1967-10-12 
300 |a 5 
490 0 |a Délmagyarország  |v 57 No. 241 
695 |a Joó Ete, Művészegyüttes ifjúsági Szeged 1967, amatőr színpadok